[Event "RD-2017-0-00137"]
[Site "LSS email"]
[Date "2017.01.22"]
[Round "?"]
[White "Drobotov, Gennady Sergeevich"]
[Black "Ivanov, Aleksandr R"]
[Result "0-1"]
[WhiteElo "1504"]
[BlackElo "1567"]
[PlyCount "46"]
[EventDate "2016.11.10"]
[EventType "tourn (corr)"]
[EventRounds "6"]
[EventCountry "GER"]
[SourceTitle "Corr 2022"]
[Source "ChessBase"]
[SourceDate "2021.10.24"]
[SourceVersion "1"]
[SourceVersionDate "2021.10.24"]
[SourceQuality "1"]

1. e4 e6 2. d4 d5 3. exd5 exd5 4. Bd3 Bd6 5. Qe2+ Ne7 6. Nf3 0-0 7. 0-0 Nbc6 8. c3 Bf5 9. Nbd2 Qd7 10. Re1 Rae8 11. Nf1 Nd8 12. h3 c6 13. Bd2 Ne6 14. Nh4 Bxd3 15. Qxd3 Nf4 16. Bxf4 Bxf4 17. Nf3 f6 18. Re2 Nf5 19. Rae1 g6 20. Qd1 h5 21. Qb3 Rxe2 22. Rxe2 Kf7 23. Ne1 b6 0-1

[Event "OP-2017-0-04265"]
[Site "LSS email"]
[Date "2017.01.21"]
[Round "?"]
[White "Ivanov, Aleksandr R"]
[Black "Pech, Jaroslav Sr"]
[Result "1-0"]
[WhiteElo "1567"]
[BlackElo "1781"]
[PlyCount "71"]
[EventDate "2017.01.16"]
[EventType "tourn (corr)"]
[EventRounds "4"]
[EventCountry "GER"]
[SourceTitle "Corr 2022"]
[Source "ChessBase"]
[SourceDate "2021.10.24"]
[SourceVersion "1"]
[SourceVersionDate "2021.10.24"]
[SourceQuality "1"]

1. e4 e5 2. Nf3 Nc6 3. Bb5 a6 4. Ba4 Nf6 5. 0-0 Be7 6. Re1 b5 7. Bb3 0-0 8. h3 Bb7 9. d3 d6 10. a3 Na5 11. Ba2 c5 12. Nbd2 Nc6 13. Nf1 Bc8 14. c3 Be6 15. Bxe6 fxe6 16. b4 d5 17. Ng3 Bd6 18. Qb3 c4 19. dxc4 dxc4 20. Qb2 a5 21. Rd1 a4 22. Qe2 Qe7 23. Be3 Rad8 24. Nh2 Qf7 25. Ng4 Nxg4 26. Qxg4 Bc7 27. Nf1 Nb8 28. Nh2 Nd7 29. Qg3 Rfe8 30. Bg5 Nf6 31. Qe3 Rxd1+ 32. Rxd1 Rd8 33. Rxd8+ Bxd8 34. Bxf6 gxf6 35. Ng4 Qb7 36. Qd2 1-0

[Event "OP-2017-0-04265"]
[Site "LSS email"]
[Date "2017.01.21"]
[Round "?"]
[White "Pivirotto, Filiberto"]
[Black "Ivanov, Aleksandr R"]
[Result "0-1"]
[WhiteElo "1500"]
[BlackElo "1567"]
[PlyCount "96"]
[EventDate "2017.01.16"]
[EventType "tourn (corr)"]
[EventRounds "4"]
[EventCountry "GER"]
[SourceTitle "Corr 2022"]
[Source "ChessBase"]
[SourceDate "2021.10.24"]
[SourceVersion "1"]
[SourceVersionDate "2021.10.24"]
[SourceQuality "1"]

1. b3 d5 2. Bb2 c5 3. e3 Nc6 4. Bb5 Nf6 5. Nf3 e6 6. Ne5 Bd7 7. Bxc6 Bxc6 8. 0-0 Bd6 9. Nxc6 bxc6 10. f4 0-0 11. d3 Re8 12. Nd2 e5 13. fxe5 Bxe5 14. d4 cxd4 15. exd4 Bd6 16. Qf3 Qc7 17. g3 Re6 18. c4 Rae8 19. c5 Bf8 20. Rf2 g6 21. Raf1 Bh6 22. Kg2 Nh5 23. Qd1 f5 24. Nf3 Nf6 25. Ne5 Ne4 26. Rc2 Bg7 27. Nd3 Qa5 28. Ba1 Qd8 29. Nf2 h5 30. Nxe4 Rxe4 31. Qd3 h4 32. Rf3 Qg5 33. Bc3 f4 34. Qf1 fxg3 35. hxg3 Re3 36. Qc1 hxg3 37. Rxe3 Rxe3 38. Kg1 Qe7 39. Qd2 Qe4 40. Qg2 Rf3 41. Qe2 Re3 42. Qg2 Qf5 43. Qd2 Qf3 44. a3 Re4 45. Qc1 Rh4 46. Rg2 Bh6 47. Bd2 Bxd2 48. Qxd2 Rh1+ 0-1

[Event "RN-2015-0-00991"]
[Site "LSS email"]
[Date "2015.06.16"]
[Round "?"]
[White "Bieszk, Stanislaw"]
[Black "Ivanov, Aleksandr R"]
[Result "0-1"]
[WhiteElo "904"]
[BlackElo "800"]
[PlyCount "22"]
[EventDate "2015.06.04"]
[EventType "tourn (corr)"]
[EventRounds "6"]
[EventCountry "GER"]
[SourceTitle "Corr 2022"]
[Source "ChessBase"]
[SourceDate "2021.10.24"]
[SourceVersion "1"]
[SourceVersionDate "2021.10.24"]
[SourceQuality "1"]

1. a3 d5 2. Nf3 Nf6 3. e3 Bf5 4. Bd3 Bg4 5. b4 e5 6. h3 Bxf3 7. gxf3 Nbd7 8. Bb2 a5 9. c3 Nb6 10. Bc2 Qd7 11. Ba4 Nxa4 0-1

[Event "RN-2015-0-00991"]
[Site "LSS email"]
[Date "2015.06.16"]
[Round "?"]
[White "Ivanov, Aleksandr R"]
[Black "Venturas, Bob"]
[Result "1-0"]
[WhiteElo "800"]
[BlackElo "693"]
[PlyCount "51"]
[EventDate "2015.06.04"]
[EventType "tourn (corr)"]
[EventRounds "6"]
[EventCountry "GER"]
[SourceTitle "Corr 2022"]
[Source "ChessBase"]
[SourceDate "2021.10.24"]
[SourceVersion "1"]
[SourceVersionDate "2021.10.24"]
[SourceQuality "1"]

1. e4 e5 2. Nf3 d6 3. d4 Qd7 4. Nc3 h6 5. Bc4 Nc6 6. 0-0 a6 7. b3 b5 8. Bd5 Bb7 9. dxe5 dxe5 10. Nxe5 Nxe5 11. Bxb7 Qxd1 12. Rxd1 Rd8 13. Bf4 f6 14. Rxd8+ Kxd8 15. Rd1+ Bd6 16. Bxa6 b4 17. Nd5 Ne7 18. Nxb4 Kd7 19. a4 Rb8 20. Bb5+ c6 21. Na6 Rb6 22. Be2 g5 23. Be3 Rb7 24. Nc5+ Kc7 25. Nxb7 Kxb7 26. Rxd6 1-0

[Event "OP-2015-0-03744"]
[Site "LSS email"]
[Date "2015.06.15"]
[Round "?"]
[White "Ivanov, Aleksandr R"]
[Black "Pech, Matej"]
[Result "1-0"]
[WhiteElo "800"]
[BlackElo "1430"]
[PlyCount "25"]
[EventDate "2015.06.11"]
[EventType "tourn (corr)"]
[EventRounds "4"]
[EventCountry "GER"]
[SourceTitle "Corr 2022"]
[Source "ChessBase"]
[SourceDate "2021.10.24"]
[SourceVersion "1"]
[SourceVersionDate "2021.10.24"]
[SourceQuality "1"]

1. e4 c6 2. d4 d5 3. e5 Bf5 4. c3 e6 5. Nf3 Nd7 6. Be2 c5 7. 0-0 Ne7 8. c4 a6 9. dxc5 dxc4 10. Nbd2 c3 11. Nc4 Nd5 12. Nd6+ Bxd6 13. cxd6 1-0

[Event "OP-2014-0-03380"]
[Site "LSS email"]
[Date "2014.04.14"]
[Round "?"]
[White "Ivanov, Aleksandr R"]
[Black "Dlugolecki, Grzegorz"]
[Result "1-0"]
[WhiteElo "800"]
[BlackElo "1613"]
[PlyCount "47"]
[EventDate "2014.04.11"]
[EventType "tourn (corr)"]
[EventRounds "4"]
[EventCountry "GER"]
[SourceTitle "Corr 2022"]
[Source "ChessBase"]
[SourceDate "2021.10.24"]
[SourceVersion "1"]
[SourceVersionDate "2021.10.24"]
[SourceQuality "1"]

1. e4 c6 2. d4 d5 3. e5 Bf5 4. h4 h5 5. Bg5 Qb6 6. Bd3 Qxb2 7. Bxf5 Qxa1 8. e6 fxe6 9. Bxe6 Nf6 10. Nf3 Qxa2 11. 0-0 Nbd7 12. Qd3 Kd8 13. Nbd2 Qa6 14. Qf5 Qa4 15. c4 a6 16. Rb1 b6 17. Ne5 Nxe5 18. Qxe5 b5 19. Bf4 Ne8 20. cxd5 Nd6 21. dxc6 Qc2 22. Re1 Qxc6 23. Bd5 Qc8 24. Ne4 1-0

[Event "OP-2014-0-03350"]
[Site "LSS email"]
[Date "2014.03.25"]
[Round "?"]
[White "Raines, David T"]
[Black "Ivanov, Aleksandr R"]
[Result "0-1"]
[WhiteElo "1119"]
[BlackElo "800"]
[PlyCount "62"]
[EventDate "2014.03.20"]
[EventType "tourn (corr)"]
[EventRounds "4"]
[EventCountry "GER"]
[SourceTitle "Corr 2022"]
[Source "ChessBase"]
[SourceDate "2021.10.24"]
[SourceVersion "1"]
[SourceVersionDate "2021.10.24"]
[SourceQuality "1"]

1. Nf3 g6 2. c4 d6 3. d4 Bg7 4. Nc3 Nc6 5. e4 e5 6. d5 Nce7 7. Be2 f5 8. exf5 Nxf5 9. 0-0 Nf6 10. Bg5 h6 11. Bxf6 Qxf6 12. Ne4 Qf7 13. b4 0-0 14. a4 a5 15. b5 b6 16. Rc1 h5 17. Bd3 Bh6 18. Rc2 Qe7 19. Re1 g5 20. Ng3 Nxg3 21. hxg3 Qf6 22. Rce2 Bg4 23. Be4 h4 24. gxh4 gxh4 25. Qd3 h3 26. Rc2 hxg2 27. Nh2 Bd7 28. Bxg2 Kh8 29. Qf1 Bf4 30. Bh3 Qh4 31. Rc3 Bxh2+ 0-1